Priorities of the Department of Defense in the new administration : [hearing before the] Committee on Armed Services, House of Representatives, One Hundred Eleventh Congress, first session, hearing held January 27, 2009.

Bibliographic Details
Corporate Author: United States. Congress. House. Committee on Armed Services
Format: Government Document eBook
Language:English
Published: Washington : U.S. G.P.O., 2010.
Subjects:
Online Access:Electronic resource (PDF)

MARC

Tag First Indicator Second Indicator Subfields
LEADER 00000cam a22000001a 4500
001 in00004100588
005 20200117091323.0
006 m d f
007 cr bn mmmapmmp
008 101030s2010 dcu o f000 0 eng d
035 |a chdc201000155 
040 |a UMI  |c UMI  |d UtOrBLW 
042 |a pcc 
043 |a n-us--- 
074 |a 1012-C-01 
086 0 |a Y 4.AR 5/2A:2009-2010/3 
088 |a H.A.S.C. no. 111-3 
110 1 |a United States.  |b Congress.  |b House.  |b Committee on Armed Services.  |0 http://id.loc.gov/authorities/names/n81038423 
245 1 0 |a Priorities of the Department of Defense in the new administration :  |b [hearing before the] Committee on Armed Services, House of Representatives, One Hundred Eleventh Congress, first session, hearing held January 27, 2009. 
264 1 |a Washington :  |b U.S. G.P.O.,  |c 2010. 
264 2 |a Washington :  |b For sale by the Supt. of Docs., U.S. G.P.O. 
300 |a iv, 69 pages, digital, PDF file. 
336 |a text  |b txt  |2 rdacontent 
337 |a computer  |b c  |2 rdamedia 
338 |a online resource  |b cr  |2 rdacarrier 
500 |a Shipping list number: 2010-0310-P. 
500 |a "H.A.S.C. number 111-3." 
500 |a Record is based on bibliographic data in ProQuest Congressional Hearings Digital Collection. Reuse except for individual research requires license from ProQuest, LLC. 
500 |a Electronic resource. 
533 |a Electronic reproduction.  |b [Bethesda, Md.] :  |c ProQuest,  |d 2010.  |e digital, PDF file.  |n ProQuest U.S. Congressional Hearings Digital Collection.  |n Mode of access: World Wide Web via ProQuest website. 
538 |a System requirements: PDF reader software. 
610 1 0 |a United States.  |b Department of Defense  |x Management. 
610 1 0 |a United States.  |b Department of Defense  |x Procurement. 
650 0 |a Afghan War, 2001-  |0 http://id.loc.gov/authorities/subjects/sh2004004460 
650 0 |a Iraq War, 2003-2011.  |0 http://id.loc.gov/authorities/subjects/sh2003003059 
650 0 |a Veterans  |x Services for  |x Government policy  |z United States. 
651 0 |a United States  |x Military policy.  |0 http://id.loc.gov/authorities/subjects/sh85140379 
776 0 8 |i Print version:   |a United States. Congress. House. Committee on Armed Services.  |t Priorities of the Department of Defense in the new administration  |w 9780160860904  |w 0160860903  |w (OCoLC)ocn648782791  |z 2010532186 
776 0 8 |i Microfiche version:   |a United States. Congress. House. Committee on Armed Services.  |t Priorities of the Department of Defense in the new administration  |d [Bethesda, Md.] : ProQuest,[2010]  |o CIS 2010 H201-83  |w (ProQuest)cis01000202  
856 4 0 |u http://proxy.library.tamu.edu/login?url=http://search.proquest.com/congcomp/getdoc?HEARING-ID=HRG-2009-ASH-0038  |y Electronic resource (PDF)  |t 0 
998 |a cis01000202  
999 f f |s 0b6d9870-fafe-37ab-9e5e-2e95598ecd98  |i 64490faa-797a-3965-90bf-e92101039718  |t 0 
952 f f |a Texas A&M University  |b College Station  |c Electronic Resources  |d Available Online  |t 0  |e Y 4.AR 5/2A:2009-2010/3  |h Superintendent of Documents classification 
998 f f |a Y 4.AR 5/2A:2009-2010/3  |t 0  |l Available Online